000 00489nam a2200181Ia 4500
005 20250317130748.0
008 008 250317s9999 xx 000 0 eng d
037 _aTextbook
040 _aFMSL
_beng
_cFMSL
041 _aeng
_2eng
084 _qFMSL
100 _aLeaptrott N
_9746032
245 0 _aRules of the game: global business protecal
260 _aU S A
_bU S A, Thomson Exe. Press
_c1996
300 _a366p
942 _cTB
999 _c1265163
_d1265163